Statistiche per Indovina la nazione dalla città parte 4

Clicka qui per fare il quiz!

Statistiche generali

  • Questo quiz è stato fatto 42 volte
  • Il punteggio medio è 14 su 20

Statistiche sulle risposte

CITTA'NAZIONE% Corretto
JeddahArabia Saudita
97%
MelillaSpagna
97%
MonterreyMessico
94%
CuritibaBrasile
88%
BangaloreIndia
88%
Ho Chi MinhVietnam
82%
UfaRussia
79%
CaliColombia
76%
Corpus ChristiUsa
76%
DurbanSudafrica
74%
BreslaviaPolonia
71%
RovaniemiFinlandia
68%
BatumiGeorgia
59%
Ponta DelgadaPortogallo
56%
Dar es SalaamTanzania
56%
SivasTurchia
50%
Santa Cruz de la SierraBolivia
47%
OnitshaNigeria
32%
QabisTunisia
32%
KumasiGhana
29%

Distribuzione punteggi

Percentile per numero di risposta

Percentuale di utenti per punteggio

I tuoi punteggi nel tempo

Non hai fatto questo quiz